Statistics for WSOP Main Event Winners List

Click here to take the quiz!

General Stats

  • This quiz has been taken 97 times
    (81 since last reset)
  • The average score is 23 of 49

Answer Stats

Answer% Correct
1989Phil Hellmuth
91%
1976Doyle Brunson
87%
1977Doyle Brunson
87%
2003Chris Moneymaker
83%
1987Johnny Chan
74%
1988Johnny Chan
74%
2009Joe Cada
72%
2016Qui Nguyen
70%
1998Scotty Nguyen
68%
2006Jamie Gold
66%
1980Stu Ungar
66%
1981Stu Ungar
66%
1997Stu Ungar
66%
2005Joe Hachem
64%
2000Chris Ferguson
62%
2004Greg Raymer
55%
2008Peter Eastgate
55%
1995Dan Harrington
51%
1970Johnny Moss
49%
1974Johnny Moss
49%
1971Johnny Moss
49%
2010Jonathan Duhamel
49%
1996Huck Seed
47%
2014Martin Jacobson
47%
1972Thomas Preston
47%
2018John Cynn
45%
2011Pius Heinz
38%
2013Ryan Riess
38%
2012Greg Merson
36%
2007Jerry Yang
36%
2017Scott Blumstein
36%
2015Joe McKeehen
34%
1973Walter Pearson
34%
1985Bill Smith
32%
2001Carlos Mortensen
32%
1978Bobby Baldwin
30%
1982Jack Straus
30%
2002Roberty Varkonyi
30%
1975Brian Roberts
26%
1986Berry Johnston
23%
1979Hal Fowler
23%
1983Tom McEvoy
23%
1984Jack Keller
21%
1999Noel Furlong
19%
1992Hamid Dastmalchi
17%
1990Mansour Matloubi
17%
1993Jim Bechtel
15%
1994Russ Hamilton
15%
1991Brad Daugherty
13%

Score Distribution

Percentile by Number Answered

Percent of People with Each Score

Your Score History

You have not taken this quiz since the last reset